<?xml version="1.0" encoding="UTF-8"?>
<record
    xmlns:xsi="http://www.w3.org/2001/XMLSchema-instance"
    xsi:schemaLocation="http://www.loc.gov/MARC21/slim http://www.loc.gov/standards/marcxml/schema/MARC21slim.xsd"
    xmlns="http://www.loc.gov/MARC21/slim">

  <leader>02292cam0a2200505   4500</leader>
  <controlfield tag="001">14013</controlfield>
  <controlfield tag="003">http://www.sudoc.fr/074081748</controlfield>
  <controlfield tag="005">20260129114617.0</controlfield>
  <datafield tag="010" ind1=" " ind2=" ">
    <subfield code="a">2842601319</subfield>
    <subfield code="d">13,80 EUR</subfield>
  </datafield>
  <datafield tag="035" ind1=" " ind2=" ">
    <subfield code="a">(OCoLC)402410474</subfield>
  </datafield>
  <datafield tag="035" ind1=" " ind2=" ">
    <subfield code="a">651458</subfield>
  </datafield>
  <datafield tag="073" ind1=" " ind2="1">
    <subfield code="a">9782842601317</subfield>
  </datafield>
  <datafield tag="090" ind1=" " ind2=" ">
    <subfield code="a">14013</subfield>
  </datafield>
  <datafield tag="099" ind1=" " ind2=" ">
    <subfield code="o">0</subfield>
  </datafield>
  <datafield tag="100" ind1=" " ind2=" ">
    <subfield code="a">20030916d2003    m  y0frey50      ba</subfield>
  </datafield>
  <datafield tag="101" ind1="0" ind2=" ">
    <subfield code="a">fre</subfield>
  </datafield>
  <datafield tag="102" ind1=" " ind2=" ">
    <subfield code="a">FR</subfield>
  </datafield>
  <datafield tag="105" ind1=" " ind2=" ">
    <subfield code="a">y   ||||000by</subfield>
  </datafield>
  <datafield tag="181" ind1=" " ind2=" ">
    <subfield code="6">z01</subfield>
    <subfield code="c">txt</subfield>
    <subfield code="2">rdacontent</subfield>
  </datafield>
  <datafield tag="181" ind1=" " ind2="1">
    <subfield code="6">z01</subfield>
    <subfield code="a">i#</subfield>
    <subfield code="b">xxxe##</subfield>
  </datafield>
  <datafield tag="182" ind1=" " ind2=" ">
    <subfield code="6">z01</subfield>
    <subfield code="c">n</subfield>
    <subfield code="2">rdamedia</subfield>
  </datafield>
  <datafield tag="182" ind1=" " ind2="1">
    <subfield code="6">z01</subfield>
    <subfield code="a">n</subfield>
  </datafield>
  <datafield tag="183" ind1=" " ind2="1">
    <subfield code="6">z01</subfield>
    <subfield code="a">nga</subfield>
    <subfield code="2">RDAfrCarrier</subfield>
  </datafield>
  <datafield tag="200" ind1="1" ind2=" ">
    <subfield code="a">Divertissements touristiques</subfield>
    <subfield code="a">L'entre-deux</subfield>
    <subfield code="a">Rose, la nuit australienne</subfield>
    <subfield code="a">suivi de 8</subfield>
    <subfield code="b">LIVR</subfield>
  </datafield>
  <datafield tag="214" ind1=" " ind2="0">
    <subfield code="c">&#xC9;ditions th&#xE9;&#xE2;trales</subfield>
    <subfield code="d">DL. 2003</subfield>
  </datafield>
  <datafield tag="214" ind1=" " ind2="0">
    <subfield code="a">Paris</subfield>
  </datafield>
  <datafield tag="215" ind1=" " ind2=" ">
    <subfield code="a">1 vol. (103 p.)</subfield>
  </datafield>
  <datafield tag="215" ind1=" " ind2=" ">
    <subfield code="c">couv. ill.</subfield>
    <subfield code="d">21 cm</subfield>
  </datafield>
  <datafield tag="225" ind1="0" ind2=" ">
    <subfield code="a">R&#xE9;pertoire contemporain</subfield>
  </datafield>
  <datafield tag="323" ind1=" " ind2=" ">
    <subfield code="a">ind&#xE9;fini</subfield>
  </datafield>
  <datafield tag="330" ind1=" " ind2=" ">
    <subfield code="a">

Tout est pr&#xE9;texte au jeu dans l'&#xE9;criture de No&#xEB;lle Renaude. De ses premiers textes, Divertissements touristiques, L'Entre-deux et Rose, la nuit australienne, jusqu'&#xE0; 8, son dernier, les mots et les formes s'encha&#xEE;nent dans une horreur joyeuse. Une &#xE9;criture des contrastes entre gaiet&#xE9; apparente et gravit&#xE9; certaine.

Puis, au d&#xE9;tour d'une phrase, anodine, discr&#xE8;te, l'auteur nous cueille, nous saisit, nous embarque dans une course folle. On saute du salon &#xE0; la courette, de la banquette arri&#xE8;re sordide &#xE0; la grange du pendu, du monologue fluide au dialogue &#xE9;clat&#xE9;.

La vie est l&#xE0; : m&#xE9;diocre et sublime, mais toujours expos&#xE9;e, sans fard ni retenue. On ose, chez elle, tout haut ce que le lecteur pense tout bas. Peu &#xE0; peu, sans avoir l'air d'y toucher, chacun invente, avec Renaude, un th&#xE9;&#xE2;tre du mouvement perp&#xE9;tuel.</subfield>
  </datafield>
  <datafield tag="410" ind1=" " ind2=" ">
    <subfield code="0">07625495X</subfield>
  </datafield>
  <datafield tag="410" ind1=" " ind2=" ">
    <subfield code="t">Collection R&#xE9;pertoire contemporain</subfield>
    <subfield code="x">1760-2947</subfield>
  </datafield>
  <datafield tag="464" ind1=" " ind2=" ">
    <subfield code="t">&#x98;L'&#x9C;entre-deux</subfield>
  </datafield>
  <datafield tag="464" ind1=" " ind2=" ">
    <subfield code="t">Rose, la nuit australienne</subfield>
  </datafield>
  <datafield tag="464" ind1=" " ind2=" ">
    <subfield code="t">8</subfield>
  </datafield>
  <datafield tag="517" ind1=" " ind2=" ">
    <subfield code="a">Huit</subfield>
  </datafield>
  <datafield tag="608" ind1=" " ind2=" ">
    <subfield code="3">027814157</subfield>
    <subfield code="a">Th&#xE9;&#xE2;tre (genre litt&#xE9;raire) fran&#xE7;ais</subfield>
    <subfield code="3">086305646</subfield>
    <subfield code="z">20e si&#xE8;cle</subfield>
    <subfield code="2">rameau</subfield>
  </datafield>
  <datafield tag="676" ind1=" " ind2=" ">
    <subfield code="a">842</subfield>
    <subfield code="v">21</subfield>
  </datafield>
  <datafield tag="700" ind1=" " ind2="1">
    <subfield code="a">Renaude</subfield>
    <subfield code="b">No&#xEB;lle</subfield>
    <subfield code="f">1949-....</subfield>
  </datafield>
  <datafield tag="700" ind1=" " ind2="1">
    <subfield code="3">029129109</subfield>
    <subfield code="c">dramaturge</subfield>
    <subfield code="4">070</subfield>
  </datafield>
  <datafield tag="801" ind1=" " ind2="3">
    <subfield code="a">FR</subfield>
    <subfield code="b">Abes</subfield>
    <subfield code="c">20250408</subfield>
    <subfield code="g">AFNOR</subfield>
  </datafield>
  <datafield tag="801" ind1=" " ind2="3">
    <subfield code="a">FR</subfield>
    <subfield code="b">BN</subfield>
    <subfield code="c">19990129</subfield>
    <subfield code="g">AFNOR</subfield>
  </datafield>
  <datafield tag="801" ind1=" " ind2="1">
    <subfield code="a">US</subfield>
    <subfield code="b">OCLC</subfield>
    <subfield code="g">AACR2</subfield>
  </datafield>
  <datafield tag="801" ind1=" " ind2="2">
    <subfield code="a">FR</subfield>
    <subfield code="b">AUROC</subfield>
  </datafield>
  <datafield tag="995" ind1=" " ind2=" ">
    <subfield code="2">0</subfield>
    <subfield code="5">2026-01-29</subfield>
    <subfield code="9">13906</subfield>
    <subfield code="c">JOL</subfield>
    <subfield code="f">JOL-007714</subfield>
    <subfield code="k">TH REN X</subfield>
    <subfield code="o">0</subfield>
    <subfield code="b">JOL</subfield>
    <subfield code="r">LIVR</subfield>
  </datafield>
</record>
